000 00844nmm a2200265 a 4500
001 ocm0001162340
003 TR-IsHL
005 20201028154156.0
008 150709s2008 tu eng
007 cr cn
020 _a9789944313513
035 _a1162340
_b(N$T)
050 0 4 _aQA154.3
_b.K46 2008
090 0 4 _aQA154.3
_b.K46 2008
100 1 _aKendirli, Barış
245 1 0 _aAlgebra
_h[electronic resource] /
_cBarış Kendirli
260 _aİstanbul :
_bYalın Yayıncılık,
_c2008
300 _a535 p.
650 4 _aMatematik ve İstatistik
650 4 _aMathematics and Statistics
650 0 _aAlgebra
_x Textbooks
650 0 _aCebir
_x Ders kitapları
650 7 _aMATHEMATICS / Algebra / General
_2bisacsh
856 4 0 _uhttp://search.ebscohost.com/login.aspx?direct=true&scope=site&db=e011xww&AN=1162340
999 _c12438
_d12438